Local government: policians, proffesionals and the public in local authorities (Record no. 408761)

000 -LEADER
fixed length control field 00488cam a22001457a 4500
008 - FIXED-LENGTH DATA ELEMENTS--GENERAL INFORMATION
fixed length control field 180718b1982 xxu||||| |||| 00| 0 eng d
020 ## - INTERNATIONAL STANDARD BOOK NUMBER
International Standard Book Number 0416857507
082 ## - DEWEY DECIMAL CLASSIFICATION NUMBER
Classification number B7x42 EL19
100 ## - MAIN ENTRY--PERSONAL NAME
Personal name Elcock, Howard
245 ## - TITLE STATEMENT
Title Local government: policians, proffesionals and the public in local authorities
Statement of responsibility, etc. by Howard Elcock; with a chapter by Michael Wheaton
260 ## - PUBLICATION, DISTRIBUTION, ETC.
Place of publication, distribution, etc. London
Name of publisher, distributor, etc. Methuen
Date of publication, distribution, etc. 1982
300 ## - PHYSICAL DESCRIPTION
Extent xi, 330p
650 ## - SUBJECT ADDED ENTRY--TOPICAL TERM
Topical term or geographic name entry element Local government - Great Britain.
700 ## - ADDED ENTRY--PERSONAL NAME
Personal name Wheaton, Michael
Holdings
Withdrawn status Lost status Damaged status Not for loan Permanent Location Current Location Date acquired Full call number Barcode Date last seen Price effective from Koha item type
        Indian Institute of Public Administration Indian Institute of Public Administration 2008-12-26 B7x42 EL19 DA5459 2018-07-21 2018-07-21 DA

Powered by Koha